00421 a2200121 4500001001000000005001700010008004100027245006800068100002900136700002600165700002000191773008800211ART_4551220260410161731.0260409a 10aFunciones de utilidad y estimación de la aversión al riesgo1 aChavez, Etelvina Stefani1 aMilanesi, Gastón S.1 aPesce, Gabriela0 tEscritos contables y de administracióng- Vol. 7, Nº 2 (jul./dic. 2006)wREV2758